000 00610 a2200217 4500
003 43683
005 20251003193438.0
008 251003b |||||||| |||| 00| 0 eng d
022 _2978-31030-2-4
040 _cNile University of Nigeria, Abuja.
_erda
050 _aK 60 .A3
082 _aK 60 .A3
245 _aHUMAN RIGHTS REVIEW ,An international Human Rights Journal
250 _aVol.7, March 2018
260 _aAbuja
_bClear Resolution
_c2018
264 _aAbuja
_bClear Resolution
_c2018
300 _bvii, 181pg., 30cm
336 _2rdacontent
338 _2rdacarrier
942 _2lcc
_cSERIAL
999 _c43663
_d43663